[Event "2. Bundesliga West 2011/12"]
[Site "Kufstein"]
[Date "2012.01.29"]
[Round "8"]
[Board "5"]
[White "Mira, Helene"]
[Black "Tabernig, Bernhard"]
[Result "0-1"]
[WhiteElo "2083"]
[BlackElo "2317"]
[PlyCount "86"]
[EventDate "2011.10.07"]
[EventType "team"]
[EventRounds "11"]
[EventCountry "AUT"]
[WhiteTeam "Bregenz"]
[BlackTeam "Zillertal"]

1. Nf3 d5 2. d4 Nf6 3. c4 c6 4. Nc3 dxc4 5. a4 Bf5 6. e3 e6 7. Bxc4 Nbd7 8. O-O
Bb4 9. Qe2 O-O 10. e4 Bg4 11. Bg5 Qa5 12. e5 Nd5 13. Nxd5 cxd5 14. Bb3 Rfc8 15.
Rfc1 Qb6 16. Qb5 Rxc1+ 17. Rxc1 Qxb5 18. axb5 Bxf3 19. gxf3 Ba5 20. Kf1 Bb6 21.
Be3 Nf8 22. Ke2 Ng6 23. Kd3 Nh4 24. f4 h5 25. Bd1 g6 26. h3 Nf5 27. Ra1 Rc8 28.
Ra4 Kf8 29. Bd2 Rc4 30. Be3 Rxa4 31. Bxa4 Ba5 32. Ke2 Ke7 33. Bc2 Ng7 34. Kd3
Kd7 35. Ba4 Kc7 36. b6+ Bxb6 37. f5 exf5 38. Bh6 Ne6 39. Bb3 Bxd4 40. Bxd5 Bxb2
41. Be3 Bxe5 42. Bxa7 b6 43. Kc4 Bd6 0-1

[Event "2. Bundesliga West 2011/12"]
[Site "Kufstein"]
[Date "2012.01.29"]
[Round "8"]
[Board "6"]
[White "Schiestl, Josef"]
[Black "Froewis, Annika"]
[Result "1-0"]
[WhiteElo "2135"]
[BlackElo "1978"]
[PlyCount "37"]
[EventDate "2011.10.07"]
[EventType "team"]
[EventRounds "11"]
[EventCountry "AUT"]
[WhiteTeam "Zillertal"]
[BlackTeam "Bregenz"]

1. e4 e5 2. Bc4 Nc6 3. Nf3 Bc5 4. c3 Nf6 5. d3 a6 6. Bb3 Ba7 7. h3 h6 8. Nbd2
O-O 9. Nc4 Re8 10. O-O d6 11. Be3 b5 12. Ncd2 d5 13. Bxa7 Rxa7 14. Re1 dxe4 15.
Nxe4 Bf5 16. Nxf6+ gxf6 17. Re3 Na5 18. Nh4 Nxb3 19. Nxf5 1-0

[Event "2. Bundesliga West 2011/12"]
[Site "Kufstein"]
[Date "2012.01.29"]
[Round "8"]
[Board "1"]
[White "Eisenbeiser, Amadeus"]
[Black "Schmidt, Georg"]
[Result "1/2-1/2"]
[WhiteElo "2409"]
[BlackElo "2368"]
[PlyCount "61"]
[EventDate "2011.10.07"]
[EventType "team"]
[EventRounds "11"]
[EventCountry "AUT"]
[WhiteTeam "Goetzis"]
[BlackTeam "Rochade Rum"]

1. e4 e6 2. d4 d5 3. Nd2 Nc6 4. Ngf3 Nf6 5. e5 Nd7 6. Bb5 a6 7. Be2 f6 8. exf6
Qxf6 9. Nf1 Bd6 10. Bg5 Qf7 11. Ne3 Nb6 12. O-O e5 13. dxe5 Nxe5 14. Nxe5 Bxe5
15. Bh5 g6 16. Nxd5 Nxd5 17. Re1 O-O 18. Rxe5 Qxf2+ 19. Kh1 gxh5 20. Qxd5+ Qf7
21. Qd3 Bf5 22. Qg3 Bg6 23. Be3 Rad8 24. h3 Rfe8 25. c3 Rxe5 26. Qxe5 Re8 27.
Qg5 Qe7 28. Qxe7 Rxe7 29. Re1 Bf7 30. b3 b5 31. Kg1 1/2-1/2

[Event "2. Bundesliga West 2011/12"]
[Site "Kufstein"]
[Date "2012.01.29"]
[Round "8"]
[Board "2"]
[White "Panteleev, Petar"]
[Black "Dirr, Ulrich"]
[Result "1/2-1/2"]
[WhiteElo "2347"]
[BlackElo "2256"]
[PlyCount "82"]
[EventDate "2011.10.07"]
[EventType "team"]
[EventRounds "11"]
[EventCountry "AUT"]
[WhiteTeam "Rochade Rum"]
[BlackTeam "Goetzis"]

1. Nf3 f5 2. d4 Nf6 3. c4 g6 4. g3 Bg7 5. Bg2 O-O 6. O-O d6 7. d5 a5 8. Nc3 Na6
9. Nd4 Nc5 10. b3 Bd7 11. Rb1 Qe8 12. a3 c6 13. Bb2 Rb8 14. b4 axb4 15. axb4
Nce4 16. Qd3 e5 17. dxe6 Bxe6 18. Nxe6 Qxe6 19. Rbd1 Rbd8 20. e3 d5 21. cxd5
Nxd5 22. Nxe4 fxe4 23. Qb3 Bxb2 24. Qxb2 Nf6 25. Rxd8 Rxd8 26. Rc1 b6 27. Bh3
Qd6 28. Qd4 Qxd4 29. exd4 Rd6 30. Bc8 Kg7 31. Bb7 Rxd4 32. Rxc6 Rxb4 33. Rc7+
Kf8 34. Bc8 Rb3 35. Be6 Rf3 36. Rb7 Ke8 37. Rxb6 e3 38. fxe3 Rxe3 39. Bh3 Kf7
40. Bf1 Re1 41. Kf2 Ke8 1/2-1/2

[Event "2. Bundesliga West 2011/12"]
[Site "Kufstein"]
[Date "2012.01.29"]
[Round "8"]
[Board "3"]
[White "Kessler, Luca"]
[Black "Eybl, Alexander"]
[Result "1-0"]
[WhiteElo "2247"]
[BlackElo "2275"]
[PlyCount "79"]
[EventDate "2011.10.07"]
[EventType "team"]
[EventRounds "11"]
[EventCountry "AUT"]
[WhiteTeam "Goetzis"]
[BlackTeam "Rochade Rum"]

1. d4 d5 2. c4 e6 3. Nf3 c6 4. e3 Bd6 5. Bd3 f5 6. O-O Nf6 7. b3 Qe7 8. Bb2 O-O
9. Qc1 b6 10. Ba3 Bb7 11. Bxd6 Qxd6 12. Nbd2 Nbd7 13. Qb2 Ne4 14. Rfd1 Rac8 15.
Rac1 Qe7 16. b4 g5 17. b5 g4 18. bxc6 Bxc6 19. Ne5 Nxe5 20. dxe5 Nc5 21. Qa3
Qg7 22. cxd5 Bxd5 23. Bc4 Ba8 24. Bf1 f4 25. Rc4 g3 26. hxg3 fxg3 27. f3 Qxe5
28. Rg4+ Kh8 29. Nc4 Qf6 30. Rf4 Qg7 31. Rg4 Qf6 32. Rxg3 Rg8 33. Rxg8+ Rxg8
34. e4 e5 35. Qc3 Re8 36. Nd6 Rf8 37. Bc4 Bc6 38. Nf7+ Rxf7 39. Bxf7 Qxf7 40.
Qxe5+ 1-0

[Event "2. Bundesliga West 2011/12"]
[Site "Kufstein"]
[Date "2012.01.29"]
[Round "8"]
[Board "4"]
[White "Hengl, Christian"]
[Black "Schmidlechner, Alexander"]
[Result "1/2-1/2"]
[WhiteElo "2240"]
[BlackElo "2273"]
[PlyCount "60"]
[EventDate "2011.10.07"]
[EventType "team"]
[EventRounds "11"]
[EventCountry "AUT"]
[WhiteTeam "Rochade Rum"]
[BlackTeam "Goetzis"]

1. e4 g6 2. d4 c6 3. Nc3 d5 4. h3 Bg7 5. Nf3 Nf6 6. Bd3 dxe4 7. Nxe4 Nxe4 8.
Bxe4 Be6 9. O-O Bd5 10. Bxd5 cxd5 11. c3 Nc6 12. Qb3 Qd7 13. Bf4 O-O 14. Rfe1
e6 15. Ne5 Nxe5 16. Bxe5 Rfc8 17. Bxg7 Kxg7 18. Re3 Rc4 19. Rae1 b5 20. a3 a5
21. Qd1 Rc7 22. h4 b4 23. axb4 axb4 24. h5 bxc3 25. bxc3 Rac8 26. Qd2 Rc6 27.
Rh3 Qc7 28. hxg6 fxg6 29. Ree3 Ra8 30. g4 Rf8 1/2-1/2

[Event "2. Bundesliga West 2011/12"]
[Site "Kufstein"]
[Date "2012.01.29"]
[Round "8"]
[Board "5"]
[White "Engelhart, Achim"]
[Black "Jedinger, Andreas"]
[Result "1/2-1/2"]
[WhiteElo "2136"]
[BlackElo "2191"]
[PlyCount "128"]
[EventDate "2011.10.07"]
[EventType "team"]
[EventRounds "11"]
[EventCountry "AUT"]
[WhiteTeam "Goetzis"]
[BlackTeam "Rochade Rum"]

1. e4 e5 2. Nf3 Nc6 3. Nc3 Nf6 4. Bb5 Bd6 5. d3 a6 6. Ba4 h6 7. O-O O-O 8. Ne2
Re8 9. c3 Bf8 10. Ng3 b5 11. Bb3 d5 12. Qe2 Be6 13. h3 Qd7 14. Nh4 Rad8 15. Rd1
Qc8 16. Be3 Na5 17. Bc2 dxe4 18. dxe4 Nc4 19. Bc1 Rxd1+ 20. Qxd1 Rd8 21. Qf3
Nh7 22. Nhf5 Ng5 23. Qe2 g6 24. Ne3 Qd7 25. Ng4 Bg7 26. b3 Nb6 27. Be3 Qc6 28.
Bd2 Rd6 29. Rd1 Qd7 30. Bc1 Rxd1+ 31. Qxd1 Qxd1+ 32. Bxd1 f5 33. exf5 gxf5 34.
Nh2 e4 35. Bd2 Nd5 36. Ne2 c5 37. Nf1 b4 38. c4 Nc3 39. Nxc3 bxc3 40. Be3 Bd4
41. Ng3 Be5 42. Ne2 Bd7 43. Bxc5 f4 44. Bb4 f3 45. Nxc3 fxg2 46. h4 Nf3+ 47.
Kxg2 Nxh4+ 48. Kg1 Nf3+ 49. Bxf3 Bxc3 50. Bxc3 exf3 51. Kh2 Bf5 52. a3 Kf7 53.
Kg3 Bc2 54. Kxf3 Bxb3 55. c5 Ke6 56. Bg7 Kd5 57. Bxh6 Kxc5 58. Ke4 a5 59. Ke5
a4 60. Bd2 Kc6 61. f4 Bc2 62. Ke6 Bd3 63. f5 Bxf5+ 64. Kxf5 Kb7 1/2-1/2

[Event "2. Bundesliga West 2011/12"]
[Site "Kufstein"]
[Date "2012.01.29"]
[Round "8"]
[Board "6"]
[White "Mikulic, Oliver"]
[Black "Kranz, Armin"]
[Result "1-0"]
[WhiteElo "2122"]
[BlackElo "2100"]
[PlyCount "71"]
[EventDate "2011.10.07"]
[EventType "team"]
[EventRounds "11"]
[EventCountry "AUT"]
[WhiteTeam "Rochade Rum"]
[BlackTeam "Goetzis"]

1. Nf3 Nf6 2. g3 b6 3. Bg2 Bb7 4. O-O c5 5. d3 d5 6. Bg5 e6 7. Nbd2 Be7 8. c4
Nbd7 9. Re1 h6 10. Bf4 g5 11. Be5 g4 12. Bxf6 Bxf6 13. Nh4 Bxb2 14. cxd5 Bxd5
15. Bxd5 exd5 16. Rb1 Bc3 17. Nf5 Qg5 18. Ne3 O-O 19. Nef1 Rfe8 20. Qc2 Bg7 21.
a4 Rab8 22. Qa2 Re6 23. e4 dxe4 24. Nxe4 Qg6 25. Nfd2 Rbe8 26. Qd5 Ne5 27. Kg2
Nc6 28. f4 f5 29. Nd6 R8e7 30. Nxf5 Re8 31. Nd6 R8e7 32. f5 Qh5 33. Rxe6 Qh3+
34. Kh1 Rxe6 35. Qxe6+ Kh7 36. Qg6+ 1-0

[Event "2. Bundesliga West 2011/12"]
[Site "Kufstein"]
[Date "2012.01.29"]
[Round "8"]
[Board "1"]
[White "Hecht, Hans-Joachim"]
[Black "Luther, Thomas"]
[Result "1/2-1/2"]
[WhiteElo "2383"]
[BlackElo "2524"]
[PlyCount "59"]
[EventDate "2011.10.07"]
[EventType "team"]
[EventRounds "11"]
[EventCountry "AUT"]
[WhiteTeam "Schwarzach"]
[BlackTeam "SC Absam"]

1. d4 e6 2. c4 Nf6 3. Nc3 Bb4 4. e3 O-O 5. Bd3 d5 6. Nf3 c5 7. O-O Nc6 8. a3
Bxc3 9. bxc3 dxc4 10. Bxc4 Qc7 11. Bb5 a6 12. Bxc6 Qxc6 13. Ne5 Qc7 14. f3 Nd7
15. Nxd7 Bxd7 16. Bb2 Rfc8 17. e4 cxd4 18. cxd4 Qc2 19. Rf2 Qxd1+ 20. Rxd1 f6
21. d5 exd5 22. Rxd5 Bc6 23. Rd6 Rd8 24. Rfd2 Rxd6 25. Rxd6 Re8 26. Kf2 Re7 27.
g4 Rd7 28. Rxd7 Bxd7 29. h4 Kf7 30. Ke3 1/2-1/2

[Event "2. Bundesliga West 2011/12"]
[Site "Kufstein"]
[Date "2012.01.29"]
[Round "8"]
[Board "2"]
[White "Rotstein, Arkadij"]
[Black "Ljubic, Juro"]
[Result "1/2-1/2"]
[WhiteElo "2502"]
[BlackElo "2190"]
[PlyCount "128"]
[EventDate "2011.10.07"]
[EventType "team"]
[EventRounds "11"]
[EventCountry "AUT"]
[WhiteTeam "SC Absam"]
[BlackTeam "Schwarzach"]

1. d4 Nf6 2. Nf3 e6 3. g3 b6 4. Bg2 Bb7 5. O-O c5 6. c4 Be7 7. Nc3 cxd4 8. Qxd4
Nc6 9. Qf4 O-O 10. Rd1 Qb8 11. Qxb8 Raxb8 12. Bf4 Rbc8 13. Nb5 d5 14. cxd5 Nxd5
15. Ne5 a6 16. Nxc6 Rxc6 17. Bxd5 exd5 18. Nc3 Re6 19. Be3 Rd8 20. Rac1 b5 21.
Rc2 Rc6 22. Rcd2 Bb4 23. Rxd5 Rxd5 24. Rxd5 Rc8 25. Rd7 Bc6 26. Ra7 Ra8 27. Rc7
Bxc3 28. bxc3 Bd5 29. a3 Bc4 30. Kf1 h6 31. a4 Be6 32. a5 Rc8 33. Rxc8+ Bxc8
34. Bc5 f5 35. f3 Kf7 36. Kf2 Be6 37. e4 fxe4 38. fxe4 g5 39. Ke3 Bc4 40. Kd4
Ke6 41. Bb4 Kd7 42. Ke5 Bd3 43. g4 Ke8 44. Kf5 Kf7 45. Bc5 Be2 46. Be3 Bd3 47.
h4 gxh4 48. Bxh6 h3 49. Bf4 Bc2 50. g5 Bd3 51. Ke5 Kg6 52. Kd4 Bc4 53. Kc5 Bd3
54. Kd5 h2 55. Bxh2 Kxg5 56. e5 Kf5 57. Kd6 Bc4 58. Bg1 Ba2 59. Bb6 Bc4 60. Bc7
Ba2 61. Kd7 Bc4 62. Bd6 Bb3 63. Kc6 b4 64. cxb4 Ke6 1/2-1/2

[Event "2. Bundesliga West 2011/12"]
[Site "Kufstein"]
[Date "2012.01.29"]
[Round "8"]
[Board "3"]
[White "Stoeckl, Norbert"]
[Black "Dizdar, Goran"]
[Result "0-1"]
[WhiteElo "2057"]
[BlackElo "2495"]
[PlyCount "64"]
[EventDate "2011.10.07"]
[EventType "team"]
[EventRounds "11"]
[EventCountry "AUT"]
[WhiteTeam "Schwarzach"]
[BlackTeam "SC Absam"]

1. e4 e6 2. d4 d5 3. Nd2 Nf6 4. e5 Nfd7 5. c3 c5 6. f4 Nc6 7. Ndf3 a5 8. Bd3
cxd4 9. cxd4 a4 10. Ne2 Nb6 11. O-O Nb4 12. Bb1 Nc4 13. Nc3 Qa5 14. a3 Nc6 15.
Bc2 b5 16. f5 Be7 17. Kh1 Bd7 18. Qe1 O-O-O 19. b3 axb3 20. Bxb3 b4 21. Bxc4
dxc4 22. Ne4 exf5 23. Nd6+ Bxd6 24. exd6 b3 25. Bd2 Qd5 26. Bb4 Rhe8 27. Qc3
Re2 28. Rac1 Be6 29. Bc5 Qe4 30. Rfd1 Bd5 31. Rd2 Re3 32. Qb2 c3 0-1

[Event "2. Bundesliga West 2011/12"]
[Site "Kufstein"]
[Date "2012.01.29"]
[Round "8"]
[Board "4"]
[White "Wegerle, Joerg"]
[Black "Klinger, Josef Sen."]
[Result "1-0"]
[WhiteElo "2450"]
[BlackElo "1981"]
[PlyCount "49"]
[EventDate "2011.10.07"]
[EventType "team"]
[EventRounds "11"]
[EventCountry "AUT"]
[WhiteTeam "SC Absam"]
[BlackTeam "Schwarzach"]

1. e4 e5 2. Nf3 d6 3. d4 Nc6 4. Bc4 Be7 5. O-O f5 6. dxe5 fxe4 7. Qd5 Bg4 8. h3
Bh5 9. Qxe4 Bxf3 10. Qxf3 Nxe5 11. Qxb7 Nf6 12. Bb3 a5 13. Nc3 Qc8 14. Qxc8+
Rxc8 15. f4 Nf7 16. Re1 c6 17. Be6 Rc7 18. Bd2 d5 19. g4 Nd8 20. f5 Nxe6 21.
Rxe6 Kf7 22. Rae1 h6 23. Bf4 Rb7 24. Rxc6 Rxb2 25. Rc7 1-0

[Event "2. Bundesliga West 2011/12"]
[Site "Kufstein"]
[Date "2012.01.29"]
[Round "8"]
[Board "5"]
[White "Huber, Josef"]
[Black "De Francesco, Klaus"]
[Result "1/2-1/2"]
[WhiteElo "1894"]
[BlackElo "2307"]
[PlyCount "92"]
[EventDate "2011.10.07"]
[EventType "team"]
[EventRounds "11"]
[EventCountry "AUT"]
[WhiteTeam "Schwarzach"]
[BlackTeam "SC Absam"]

1. d4 Nf6 2. Nf3 e6 3. e3 c5 4. Bd3 b6 5. O-O Bb7 6. Nbd2 Nc6 7. b3 Qc7 8. Bb2
Be7 9. a3 O-O 10. Qe2 cxd4 11. exd4 Nd5 12. g3 Nf6 13. c4 d5 14. Rac1 dxc4 15.
bxc4 Rad8 16. Rfd1 Rfe8 17. Bb1 Bf8 18. Ne4 Nxe4 19. Qxe4 g6 20. Qe2 Bg7 21. c5
Na5 22. Be4 Bxe4 23. Qxe4 bxc5 24. Rxc5 Qxc5 25. dxc5 Rxd1+ 26. Kg2 Bxb2 27.
Qc2 Rd5 28. Qxb2 Rxc5 29. Nd2 f5 30. Qf6 Rc6 31. Qd4 Rec8 32. Qxa7 Nc4 33. Nxc4
Rxc4 34. Qe7 R4c6 35. h4 Ra8 36. h5 gxh5 37. Qg5+ Kf8 38. Qf6+ Kg8 39. Qg5+ Kf7
40. Qxh5+ Kf6 41. Qxh7 Rxa3 42. Qh8+ Kf7 43. Qh7+ Kf6 44. Qh8+ Kf7 45. Qh7+ Ke8
46. Qxf5 Ra8 1/2-1/2

[Event "2. Bundesliga West 2011/12"]
[Site "Kufstein"]
[Date "2012.01.29"]
[Round "8"]
[Board "6"]
[White "Gerhold, Michael"]
[Black "Rauchenbacher, Robert"]
[Result "1-0"]
[WhiteElo "2251"]
[BlackElo "1894"]
[PlyCount "81"]
[EventDate "2011.10.07"]
[EventType "team"]
[EventRounds "11"]
[EventCountry "AUT"]
[WhiteTeam "SC Absam"]
[BlackTeam "Schwarzach"]

1. Nf3 d6 2. d4 g6 3. c4 Bg7 4. e4 Nc6 5. Be2 e5 6. Be3 exd4 7. Nxd4 Nxd4 8.
Bxd4 Bxd4 9. Qxd4 Qf6 10. Qd2 Ne7 11. Nc3 Bd7 12. f4 Qg7 13. O-O-O O-O-O 14. g4
f5 15. exf5 gxf5 16. g5 Bc6 17. Rhe1 d5 18. cxd5 Nxd5 19. Nxd5 Rxd5 20. Qe3
Rxd1+ 21. Rxd1 Kb8 22. Qd4 Qxd4 23. Rxd4 Kc8 24. Bc4 Re8 25. Kd2 Re7 26. h4 Bf3
27. Bd3 Bg4 28. Rd5 Rf7 29. Ke3 c6 30. Re5 Kd7 31. Bc4 Rf8 32. b4 b5 33. Bb3 a5
34. bxa5 Ra8 35. Kd4 Rxa5 36. Kc5 Ra6 37. Re6 Bf3 38. Rh6 Kd8 39. Rxh7 Bd5 40.
g6 Bxb3 41. axb3 1-0

[Event "2. Bundesliga West 2011/12"]
[Site "Kufstein"]
[Date "2012.01.29"]
[Round "8"]
[Board "1"]
[White "Dovzik, Juri"]
[Black "Bayer, Bernhard"]
[Result "1/2-1/2"]
[WhiteElo "2341"]
[BlackElo "2434"]
[PlyCount "63"]
[EventDate "2011.10.07"]
[EventType "team"]
[EventRounds "11"]
[EventCountry "AUT"]
[WhiteTeam "ATSV Ranshofen"]
[BlackTeam "Schwaz"]

1. e4 c6 2. d4 d5 3. Nd2 dxe4 4. Nxe4 Nf6 5. Nxf6+ exf6 6. c3 Bd6 7. Bd3 Be6 8.
Ne2 Qc7 9. Qc2 Nd7 10. Be3 Nb6 11. c4 Bb4+ 12. Kf1 Be7 13. Rc1 f5 14. g3 O-O
15. Bxf5 Nxc4 16. Bxh7+ Kh8 17. Bf4 Qa5 18. Bd3 Bh3+ 19. Kg1 Nxb2 20. Bd2 Qa3
21. Be4 Bg4 22. Nf4 Rad8 23. h3 Bc8 24. Rb1 Na4 25. Rb3 Qd6 26. Be3 Nb6 27. Qe2
g6 28. h4 Kg8 29. h5 g5 30. Nh3 Bxh3 31. Rxh3 Qe6 32. Bg2 1/2-1/2

[Event "2. Bundesliga West 2011/12"]
[Site "Kufstein"]
[Date "2012.01.29"]
[Round "8"]
[Board "2"]
[White "Fuchs, Georg"]
[Black "Ager, Josef"]
[Result "1-0"]
[WhiteElo "2289"]
[BlackElo "2195"]
[PlyCount "46"]
[EventDate "2011.10.07"]
[EventType "team"]
[EventRounds "11"]
[EventCountry "AUT"]
[WhiteTeam "Schwaz"]
[BlackTeam "ATSV Ranshofen"]

1. e4 e5 2. Nf3 Nc6 3. d4 exd4 4. Nxd4 Nf6 5. Nxc6 bxc6 6. e5 Qe7 7. Qe2 Nd5 8.
c4 Nb6 9. Nc3 Qe6 10. Bd2 a5 11. a4 Bb4 12. Qe4 Ba6 13. b3 Bxc3 14. Bxc3 d5 15.
cxd5 cxd5 16. Qd4 Bxf1 17. Rxf1 O-O 18. f4 Qf5 19. Kf2 Qc2+ 20. Kg1 Qxb3 21. f5
c5 22. Qe3 Nc4 23. Qg3 d4 1-0

[Event "2. Bundesliga West 2011/12"]
[Site "Kufstein"]
[Date "2012.01.29"]
[Round "8"]
[Board "3"]
[White "Riediger, Martin"]
[Black "Blaas, Hansjoerg"]
[Result "1/2-1/2"]
[WhiteElo "2232"]
[BlackElo "2234"]
[PlyCount "64"]
[EventDate "2011.10.07"]
[EventType "team"]
[EventRounds "11"]
[EventCountry "AUT"]
[WhiteTeam "ATSV Ranshofen"]
[BlackTeam "Schwaz"]

1. g3 e5 2. c4 Nc6 3. Nc3 Nf6 4. Bg2 Bc5 5. e3 O-O 6. Nge2 Re8 7. O-O d6 8. h3
Bf5 9. d4 Bb6 10. b3 h6 11. Bb2 Qd7 12. g4 Bh7 13. dxe5 dxe5 14. Qxd7 Nxd7 15.
Nd5 a5 16. Rad1 Nc5 17. Bc3 Be4 18. Ng3 Bxd5 19. cxd5 Na7 20. Ba1 Nb5 21. Rd2
g6 22. Kh2 Nd6 23. Rc1 f5 24. gxf5 gxf5 25. Rdc2 Nd3 26. Rd1 Nb4 27. Rcd2 Re7
28. Bf1 Rf8 29. a3 Na6 30. Bxa6 bxa6 31. Rg1 Kh7 32. Nh5 Ne4 1/2-1/2

[Event "2. Bundesliga West 2011/12"]
[Site "Kufstein"]
[Date "2012.01.29"]
[Round "8"]
[Board "4"]
[White "Gruber, Michael"]
[Black "Knechtel, Roland"]
[Result "0-1"]
[WhiteElo "2125"]
[BlackElo "2222"]
[PlyCount "62"]
[EventDate "2011.10.07"]
[EventType "team"]
[EventRounds "11"]
[EventCountry "AUT"]
[WhiteTeam "Schwaz"]
[BlackTeam "ATSV Ranshofen"]

1. e4 c6 2. d4 d5 3. Nd2 dxe4 4. Nxe4 Bf5 5. Ng3 Bg6 6. Nf3 Nd7 7. Bd3 e6 8.
O-O Ngf6 9. Re1 Be7 10. Bg5 O-O 11. Bxg6 hxg6 12. Qe2 Qb6 13. Ne5 Qxd4 14. Nc4
b5 15. Ne5 Qxe5 16. Qxe5 Nxe5 17. Rxe5 Rfd8 18. Ree1 Rd5 19. Be3 Ng4 20. Nf1
Bf6 21. Bc1 Rad8 22. h3 Ne5 23. Ne3 Rd4 24. b3 R4d7 25. Rb1 c5 26. Bb2 Nc6 27.
Bxf6 gxf6 28. c4 b4 29. a3 a5 30. axb4 axb4 31. Ra1 Rd3 0-1

[Event "2. Bundesliga West 2011/12"]
[Site "Kufstein"]
[Date "2012.01.29"]
[Round "8"]
[Board "6"]
[White "Streiter, Gerhard"]
[Black "Fruehauf, Norbert"]
[Result "1/2-1/2"]
[WhiteElo "2021"]
[BlackElo "2049"]
[PlyCount "60"]
[EventDate "2011.10.07"]
[EventType "team"]
[EventRounds "11"]
[EventCountry "AUT"]
[WhiteTeam "Schwaz"]
[BlackTeam "ATSV Ranshofen"]

1. e4 d5 2. exd5 Nf6 3. d4 Bg4 4. Be2 Bxe2 5. Qxe2 Qxd5 6. Nf3 Nc6 7. O-O O-O-O
8. Be3 e6 9. c4 Qh5 10. Nc3 Bd6 11. Rfe1 h6 12. Rad1 a6 13. d5 exd5 14. cxd5
Ne5 15. Nxe5 Qxe5 16. g3 Qf5 17. Qd3 Qh3 18. Qf1 Qd7 19. Bd4 h5 20. Bxf6 gxf6
21. Ne4 Qf5 22. Qd3 Qg6 23. Nxd6+ Rxd6 24. Qc4 Rd7 25. Rd4 f5 26. b4 Rhd8 27.
Red1 Rd6 28. a4 Qf6 29. b5 a5 30. Rc1 R8d7 1/2-1/2

[Event "2. Bundesliga West 2011/12"]
[Site "Salzburg"]
[Date "2012.01.29"]
[Round "8"]
[Board "2"]
[White "Roth, Peter"]
[Black "Novkovic, Milan"]
[Result "1/2-1/2"]
[WhiteElo "2262"]
[BlackElo "2381"]
[PlyCount "63"]
[EventDate "2011.10.07"]
[EventType "team"]
[EventRounds "11"]
[EventCountry "AUT"]
[WhiteTeam "ASK Salzburg"]
[BlackTeam "Hohenems 2"]

1. e4 c5 2. Nf3 e6 3. Nc3 a6 4. d3 b5 5. g3 Bb7 6. Bg2 Nf6 7. O-O d5 8. exd5
Nxd5 9. Bd2 Be7 10. h4 Nc6 11. Nxd5 Qxd5 12. Bc3 Nd4 13. Bxd4 cxd4 14. Ne1 Qd7
15. Bxb7 Qxb7 16. Qf3 Qc8 17. Qe4 Bf6 18. Nf3 O-O 19. Nxd4 Bxd4 20. Qxd4 Qxc2
21. Rac1 Qd2 22. Rfd1 Qa5 23. a3 Rfd8 24. Qc3 Qb6 25. Qc5 Qxc5 26. Rxc5 Rd6 27.
Kf1 Rad8 28. Ke2 g6 29. Ke3 Kf8 30. b4 Ke7 31. d4 Rd5 32. Rxd5 1/2-1/2

[Event "2. Bundesliga West 2011/12"]
[Site "Salzburg"]
[Date "2012.01.29"]
[Round "8"]
[Board "3"]
[White "Atlas, Dmitry"]
[Black "Juergens, Klaus"]
[Result "1-0"]
[WhiteElo "2291"]
[BlackElo "2165"]
[PlyCount "53"]
[EventDate "2011.10.07"]
[EventType "team"]
[EventRounds "11"]
[EventCountry "AUT"]
[WhiteTeam "Hohenems 2"]
[BlackTeam "ASK Salzburg"]

1. e4 c5 2. c3 Nf6 3. e5 Nd5 4. Nf3 Nc6 5. Bc4 Nb6 6. Bb3 c4 7. Bc2 Qc7 8. Qe2
g5 9. h3 Bg7 10. b3 Nxe5 11. Nxg5 d5 12. Na3 h6 13. Nf3 Nxf3+ 14. Qxf3 Qe5+ 15.
Kd1 Bd7 16. bxc4 dxc4 17. Re1 Qd6 18. Rb1 Rd8 19. Nb5 Bxb5 20. Rxb5 Nd5 21. Ke2
Qd7 22. Rc5 b5 23. Be4 e6 24. Bxd5 exd5 25. Kf1+ Kf8 26. Qf4 Rc8 27. Qd6+ 1-0

[Event "2. Bundesliga West 2011/12"]
[Site "Salzburg"]
[Date "2012.01.29"]
[Round "8"]
[Board "4"]
[White "Besner, Bernhard"]
[Black "Gaertner, Guntram"]
[Result "1/2-1/2"]
[WhiteElo "2175"]
[BlackElo "2324"]
[PlyCount "47"]
[EventDate "2011.10.07"]
[EventType "team"]
[EventRounds "11"]
[EventCountry "AUT"]
[WhiteTeam "ASK Salzburg"]
[BlackTeam "Hohenems 2"]

1. e4 e6 2. Nf3 d5 3. e5 c5 4. b4 cxb4 5. a3 Nc6 6. axb4 Bxb4 7. c3 Be7 8. d4
Rb8 9. Bd3 b5 10. O-O a6 11. Qc2 h5 12. Nbd2 Na5 13. Nb3 Nxb3 14. Qxb3 Qb6 15.
Ba3 Bxa3 16. Qxa3 Ne7 17. Qc1 Qd8 18. Qf4 Ng8 19. Rfb1 Nh6 20. Qg3 Kf8 21. Qf4
Ke8 22. Qg3 Kf8 23. Qf4 Ke8 24. Qg3 1/2-1/2

[Event "2. Bundesliga West 2011/12"]
[Site "Salzburg"]
[Date "2012.01.29"]
[Round "8"]
[Board "5"]
[White "Sandholzer, Robert"]
[Black "Loeffler, Christoph"]
[Result "0-1"]
[WhiteElo "2158"]
[BlackElo "2161"]
[PlyCount "68"]
[EventDate "2011.10.07"]
[EventType "team"]
[EventRounds "11"]
[EventCountry "AUT"]
[WhiteTeam "Hohenems 2"]
[BlackTeam "ASK Salzburg"]

1. e4 c6 2. d4 d5 3. e5 Bf5 4. c3 e6 5. Be3 Nd7 6. Nd2 c5 7. f4 Qb6 8. Qb3 Qxb3
9. Nxb3 c4 10. Nd2 b5 11. a3 Rb8 12. Be2 h5 13. g3 Nb6 14. Ngf3 Na4 15. Ra2 Ne7
16. O-O Bc2 17. Bd1 Bd3 18. Re1 Nc6 19. Kg2 Be7 20. h3 Kd7 21. g4 Na5 22. Ng1
hxg4 23. hxg4 Bh4 24. Bf2 Bxf2 25. Kxf2 Rh2+ 26. Ke3 Rbh8 27. Ngf3 R8h3 28. f5
Rh1 29. fxe6+ fxe6 30. Rxh1 Rxh1 31. Bxa4 bxa4 32. Kf2 Nb3 33. Ke3 Rd1 34. g5
Ke7 0-1

[Event "2. Bundesliga West 2011/12"]
[Site "Salzburg"]
[Date "2012.01.29"]
[Round "8"]
[Board "6"]
[White "Scheiblmaier, Robert"]
[Black "Nussbaumer, Leon"]
[Result "1/2-1/2"]
[WhiteElo "2113"]
[BlackElo "1862"]
[PlyCount "83"]
[EventDate "2011.10.07"]
[EventType "team"]
[EventRounds "11"]
[EventCountry "AUT"]
[WhiteTeam "ASK Salzburg"]
[BlackTeam "Hohenems 2"]

1. d4 d5 2. c4 e6 3. Nf3 Nf6 4. g3 c6 5. Bg2 dxc4 6. O-O b5 7. Ne5 Bb7 8. a4
Qb6 9. b3 cxb3 10. Bb2 bxa4 11. Rxa4 c5 12. dxc5 Bxc5 13. Nc4 Qc7 14. Be5 Qc8
15. Bxb7 Qxb7 16. Ra5 Qc6 17. Qxb3 Nbd7 18. Bxf6 Nxf6 19. Ne5 Qb6 20. Qa4+ Kf8
21. Na3 g6 22. Nac4 Qc7 23. Ra6 Kg7 24. Nd3 Rhc8 25. Rc1 Qe7 26. Rc6 Ne4 27.
Nxc5 Nxc5 28. Qa1+ Qf6 29. Qxf6+ Kxf6 30. Rxc8 Rxc8 31. Nd6 Rd8 32. Nxf7 Kxf7
33. Rxc5 Rd7 34. h4 a6 35. Kg2 Ra7 36. Ra5 Ke7 37. Kf3 Kd6 38. Ke4 Ra8 39. f4
Ra7 40. Kd4 Ra8 41. g4 Ra7 42. Ke4 1/2-1/2